5HLuxD.jpg

KING HENRY VIII SENIOR AND PRIMARY SCHOOL LIBRARY OPAC

MUDDYPAWS (Record no. 4899)

000 -LEADER
fixed length control field 00342nam a22001217a 4500
008 - FIXED-LENGTH DATA ELEMENTS--GENERAL INFORMATION
fixed length control field 250422b ||||| |||| 00| 0 eng d
020 ## - INTERNATIONAL STANDARD BOOK NUMBER
International Standard Book Number 9781445455587
082 ## - DEWEY DECIMAL CLASSIFICATION NUMBER
Classification number 823.92 CHA
100 ## - MAIN ENTRY--PERSONAL NAME
Personal name CHANCELLOR,DEBORAH
Relator term AUTHOR
245 ## - TITLE STATEMENT
Title MUDDYPAWS
260 ## - PUBLICATION, DISTRIBUTION, ETC.
Place of publication, distribution, etc. PARRAGON,QUEEN STREET HOUSE,4 QUEEN STREE,BATH BA1 1HE,UK
Name of publisher, distributor, etc. PARRAGON
Date of publication, distribution, etc. 2011
942 ## - ADDED ENTRY ELEMENTS (KOHA)
Source of classification or shelving scheme
Holdings
Withdrawn status Lost status Source of classification or shelving scheme Damaged status Not for loan Collection code Permanent Location Current Location Shelving location Date acquired Total Checkouts Full call number Barcode Date due Date last seen Date last checked out Price effective from Koha item type Public note
          Fiction KH8 Primary School Library KH8 Primary School Library Fiction 2025-04-22 4 823.92 CHA KHPL000006752 2026-02-27 2026-02-10 2026-02-10 2025-04-22 Books - Fiction KH8 PRIMARY LIBRARY

Powered By KH8 IT Dept